| 000 | 00634cam a2200169 i 4500 | ||
|---|---|---|---|
| 001 | 000010852 | ||
| 003 | AM-YEHGA | ||
| 005 | 20250617163821.0 | ||
| 008 | 030224s1961 ai | | | 0|||u|rus|d | ||
| 040 | _aAM-YeHGA | ||
| 100 | 1 | _aКорнейчик, Тимофей Денисович | |
| 245 | 1 | 0 |
_aЖизнь, отданная народу : _bК 130-летию со дня рождения И.Н. Ульянова / _cТ.Д. Корнейчик. |
| 260 |
_aУльяновск _bУльяновское кн. изд-во, _c1961. |
||
| 300 | _a104 с. | ||
| 650 | 1 | 4 | _aПедагогика. Школа в целом |
| 090 | _c516660 | ||
| 999 |
_c513145 _d513145 |
||